|
|
|
|
| LEADER |
01728nam a2200469 a 4500 |
| 001 |
nkc20102145515 |
| 003 |
CZ PrNK |
| 005 |
20101201131211.0 |
| 007 |
ta |
| 008 |
101026s2010 xr af b f 000 0 cze |
| 015 |
|
|
|a cnb002145515
|
| 020 |
|
|
|a 978-80-255-0329-4
|q (váz.)
|
| 035 |
|
|
|a (OCoLC)693938552
|
| 040 |
|
|
|a ABA001
|b cze
|
| 041 |
1 |
|
|a cze
|h eng
|
| 072 |
|
7 |
|a 59
|x Zoologie
|2 Konspekt
|9 2
|
| 072 |
|
7 |
|a 0/9-053.2
|x Literatura pro děti a mládež (naučná)
|2 Konspekt
|9 26
|
| 080 |
|
|
|a 592/599-021.352
|2 MRF
|
| 080 |
|
|
|a (0.053.2)
|2 MRF
|
| 080 |
|
|
|a (084.11)
|2 MRF
|
| 100 |
1 |
|
|a Fleming, Garry
|7 mzk2005290062
|4 ill
|
| 245 |
1 |
0 |
|a Zvířata světa /
|c ilustrace Garry Fleming ; [text Peter Bourne ; z anglického originálu ... přeložil Tomáš Kapic]
|
| 246 |
1 |
8 |
|a Zvířata světa v 3D obrazech
|
| 250 |
|
|
|a 1. vyd.
|
| 260 |
|
|
|a Čestlice :
|b Rebo,
|c 2010
|
| 300 |
|
|
|a [12] s., [5] dvoulistů barev. obr. příl. :
|b il. ;
|c 24 cm
|
| 490 |
1 |
|
|a Rebo dětem
|
| 500 |
|
|
|a Obsahuje prořezávané rozkládací kartonové listy, které po rozložení vytvoří pět trojrozměrných obrazových scén
|
| 650 |
0 |
7 |
|a divoká zvířata
|7 ph211254
|2 czenas
|
| 650 |
0 |
9 |
|a wild animals
|2 eczenas
|
| 655 |
|
7 |
|a publikace pro děti
|7 fd133156
|2 czenas
|
| 655 |
|
7 |
|a obrazové publikace
|7 fd132947
|2 czenas
|
| 655 |
|
9 |
|a children's literature
|2 eczenas
|
| 655 |
|
9 |
|a pictorial works
|2 eczenas
|
| 700 |
1 |
|
|a Bourne, Peter
|7 jx20101115001
|4 aut
|
| 765 |
0 |
|
|t Animals of the world
|9 Česky
|
| 830 |
|
0 |
|a Rebo dětem
|0 s
|
| 910 |
2 |
|
|a BOA001
|b M2-1252.089
|
| 990 |
|
|
|a BK
|
| 995 |
|
|
|a 01
|
| 991 |
|
|
|b 201011
|e dn
|
| 996 |
6 |
|
|b 2610451969
|c M2-1252.089
|l MZK
|r Sklad / do 24 hodin
|n 0
|p p.v.
|w 001155081
|u 000010
|a 1
|e BOA001
|j MZK50
|s P
|